000 00497nam a2200193Ia 4500
005 20250923150344.0
008 008 250917s9999 xx 000 0 eng d
037 _aTextual
040 _aDSWL
_beng
_cDSWL
041 _aeng
_2eng
084 _qDSWL
245 0 _aEntrepreneurship in the Globalized world
_cEd.by M Sarngadharan
260 _aNew Delhi
_b New Centurey
_c2014
300 _a268p.
365 _aINR
_b970
925 _g970
942 _cTEXL
999 _c1462570
_d1462570